🧪 Zaubertränke der Zaubererwelt – Harry Potter - Statistiken

Allgemein
  • Dieses Quiz wurde 26 mal gespielt
  • Das Durchschnittsergebnis liegt bei 4 aus 15
Antwortstatistiken
Erklärung Name % Korrekt
Trank, der die Gestalt einer anderen Person annehmen lässt Vielsafttrank
96%
Trank, der GlĂĽck bringt und Erfolge wahrscheinlicher macht Felix Felicis
88%
Trank, der Liebe oder Besessenheit hervorruft Liebestrank
60%
Trank, der Schlaf verursacht Schlaftrank
28%
Trank, der absolute Ehrlichkeit erzwingt Wahrheitsserum
24%
Trank, der jemanden heilt oder seine Kräfte regeneriert Heiltrank
20%
Trank, der unsichtbar macht Unsichtbarkeitstrank
12%
Trank, der jemandem Mut und Entschlossenheit gibt Muttrank
8%
Trank, der Tote wiedererwecken soll (legendarisch) Stein der Weisen
8%
Trank, der bei Verwandlungen hilft Verwandlungstrank
8%
Trank, der jemandem hilft, seine Angst zu überwinden Angstlöser
4%
Trank, der Wunden und Verletzungen heilt Dittany
4%
Trank, der unendliche Weisheit verleihen soll (mythisch) Elixier des Lebens
4%
Trank, der Erinnerungen auslöscht Erinnerungstrank
4%
Trank, der den Trinker in die Zukunft sehen lässt Orakeltrank
4%
Keine ĂĽbereinstimmenden Quizze gefunden
Verteilung der Resultate
Anzahl Personen mit jedem Resultat
Perzentil nach korrekt beantworteten Fragen
Ihre Resultats-Entwicklung
Sie haben dieses Quiz noch nicht gespielt